| 000 | 00599nam a2200193Ia 4500 | ||
|---|---|---|---|
| 003 | GCL | ||
| 008 | 140319s9999 xx 000 0 eng d | ||
| 040 |
_aGCL / _cGCL |
||
| 082 | 0 | 4 |
_a306.2091 _bD P |
| 100 | 1 | _aDIAMOND, LARRY JOY | |
| 245 | 1 | 0 |
_aPOLITICAL CULTURE AND DEMOCRACY IN DEVELOPING COUNTRIES / _cDIAMOND, LARRY JOY |
| 260 |
_a[S.N] : _bLYNNE RIENNER PUBLISHERS ، _c1994 |
||
| 300 | _a262 P | ||
| 650 | 0 | 4 | _aPOLITICAL CULTURE |
| 650 | 0 | 4 | _aDEMOCRACY - DEVELOPING COUNTRIES |
| 650 | 0 | 4 | _aDEVELOPING COUNTRIES - POLITICS |
| 650 | 0 | 4 | _aDEVELOPING COUNTRIES - GOVERNMET |
| 942 |
_2ddc _cBK |
||
| 999 |
_c13295 _d13295 |
||